Deutsche Basketball Nationalmannschaft: Beste Scorer EM/WM/OLY - Statistiken

Allgemein
  • Dieses Quiz wurde 37 mal gespielt
    13 seit der letzten Aktualisierung
  • Das Durchschnittsergebnis liegt bei 35 aus 57
Antwortstatistiken
Turnier Pkt Antwort % Korrekt
EM22 11.6 Andreas Obst
100%
Oly20(21) 12.0 Andreas Obst
100%
EM25 20.3 Dennis Schröder
100%
Oly24 17.2 Dennis Schröder
100%
WM23 19.1 Dennis Schröder
100%
EM22 22.1 Dennis Schröder
100%
WM19 19.6 Dennis Schröder
100%
EM17 23.7 Dennis Schröder
100%
EM15 21.0 Dennis Schröder
100%
EM15 13.8 Dirk Nowitzki
100%
EM11 19.5 Dirk Nowitzki
100%
Oly08 17.0 Dirk Nowitzki
100%
EM07 24.0 Dirk Nowitzki
100%
WM06 22.4 Dirk Nowitzki
100%
EM05 25.1 Dirk Nowitzki
100%
EM03 22.5 Dirk Nowitzki
100%
WM02 25.4 Dirk Nowitzki
100%
EM01 28.7 Dirk Nowitzki
100%
EM25 20.8 Franz Wagner
100%
Oly24 18.5 Franz Wagner
100%
WM23 16.8 Franz Wagner
100%
EM22 15.2 Franz Wagner
100%
Oly24 9.8 Moritz Wagner
100%
WM23 11.9 Moritz Wagner
100%
Oly20(21) 11.0 Moritz Wagner
100%
Oly20(21) 13.5 Maodo Lo
89%
EM25 10.4 Tristan da Silva
89%
EM17 10.9 Daniel Theis
67%
WM19 11.4 Johannes Voigtmann
56%
EM11 15.5 Chris Kaman
33%
Oly08 10.4 Chris Kaman
33%
WM19 11.2 Maxi Kleber
33%
EM09 9.3 Patrick Femerling
33%
WM06 7.8 Patrick Femerling
33%
EM01 11.0 Patrick Femerling
33%
EM15 9.2 Tibor Pleiß
33%
EM13 11.6 Tibor Pleiß
33%
WM10 8.2 Tibor Pleiß
33%
EM07 8.6 Ademola Okulaja
22%
WM06 12.6 Ademola Okulaja
22%
EM05 17.4 Ademola Okulaja
22%
EM03 13.5 Ademola Okulaja
22%
WM02 17.3 Ademola Okulaja
22%
EM01 13.3 Ademola Okulaja
22%
Oly08 7.0 Demond Greene
22%
EM13 13.4 Heiko Schaffartzik
22%
EM11 10.6 Heiko Schaffartzik
22%
WM10 9.4 Heiko Schaffartzik
22%
EM09 12.7 Heiko Schaffartzik
22%
WM10 13.8 Jan Jagla
22%
EM09 9.3 Jan Jagla
22%
EM07 6.2 Jan Jagla
22%
EM03 13.5 Mithat Demirel
22%
EM17 8.4 Robin Benzing
22%
EM13 17.0 Robin Benzing
22%
EM05 10.0 Dirk Mädrich
11%
WM02 9.2 Marco Pesic
0%
Keine übereinstimmenden Quizze gefunden
Verteilung der Resultate
Anzahl Personen mit jedem Resultat
Perzentil nach korrekt beantworteten Fragen
Ihre Resultats-Entwicklung
Sie haben dieses Quiz seit der letzten Aktualisierung nicht gespielt